[Event "Romulus op"]
[Site "Romulus"]
[Date "2000.09.01"]
[Round "1"]
[White "Sobh, Bassel"]
[Black "Foord, Allan"]
[Result "0-1"]
[WhiteElo "865"]
[BlackElo "1500"]
[PlyCount "54"]
[EventDate "2000.09.01"]
[EventType "swiss"]
[EventRounds "7"]
[EventCountry "USA"]
[SourceTitle "EXT 2007"]
[Source "ChessBase"]
[SourceDate "2006.11.23"]
[SourceVersion "1"]
[SourceVersionDate "2006.11.23"]
[SourceQuality "1"]

1. e4 c5 2. Nc3 d6 3. Nf3 Nc6 4. Bb5 a6 5. Bxc6+ bxc6 6. d3 e6 7. 0-0 Be7 8. Be3 Nf6 9. Ng5 h6 10. Nh3 e5 11. Qf3 g5 12. Nxg5 hxg5 13. Bxg5 Bg4 14. Qe3 Nh7 15. Bxe7 Qxe7 16. Qg3 Qg5 17. f3 Be6 18. Qxg5 Nxg5 19. f4 exf4 20. Rxf4 Ke7 21. Ne2 Rag8 22. Kf1 Rxh2 23. Ng3 Nh7 24. Kf2 Ng5 25. Rh1 Rxh1 26. Nxh1 Bxa2 27. Rg4 Bb1 0-1